Statistics for Cities by Picture #1

Click here to take the quiz!

General Stats

  • This quiz has been taken 47 times
  • The average score is 7 of 8

Answer Stats

Answer% Correct
New York City
100%
Dubai
98%
Sydney
98%
Rome
95%
Cairo
93%
Rio de Janeiro
81%
Kuala Lumpur
72%
Auckland
30%

Score Distribution

Percentile by Number Answered

Percent of People with Each Score

Your Score History

You have not taken this quiz